[Event "Hallstahammar op"]
[Site "Hallstahammar"]
[Date "2003.09.14"]
[Round "7"]
[White "Heinoja, Ari"]
[Black "Reinson, Juri"]
[Result "1-0"]
[WhiteElo "1626"]
[BlackElo "1415"]
[PlyCount "77"]
[EventDate "2003.09.12"]
[EventType "swiss"]
[EventRounds "7"]
[EventCountry "SWE"]
[SourceTitle "CBM 096 Extra"]
[Source "ChessBase"]
[SourceDate "2003.10.22"]
[SourceVersion "2"]
[SourceVersionDate "2003.10.20"]
[SourceQuality "1"]

1. e4 e6 2. d4 d5 3. Nc3 c6 4. a3 a6 5. e5 Ne7 6. Bd3 Nf5 7. Nf3 Be7 8. 0-0 h6 9. Be3 0-0 10. Ne2 Nxe3 11. fxe3 c5 12. c3 c4 13. Bb1 Nc6 14. Qc2 g6 15. Qd1 Bg5 16. Nf4 Ne7 17. Qe1 Nf5 18. Bxf5 exf5 19. Nxg5 Qxg5 20. Nxd5 Be6 21. h4 Qd8 22. Nf6+ Kh8 23. Rd1 Bd5 24. e4 fxe4 25. Nxe4 Qb6 26. Rd2 Qc6 27. Rf6 Be6 28. Qe3 Kg7 29. d5 Qc7 30. dxe6 Qxe5 31. exf7 b5 32. Qf3 Ra7 33. Rf2 Rd7 34. Qg4 Qh5 35. Qxd7 Qxh4 36. Qe7 Qg4 37. R6f4 Qc8 38. Qe5+ Kh7 39. Nf6+ 1-0